000 00692nam a2200229Ia 4500
003 OSt
005 20220923230155.0
006 a|||||r|||| 00| 0
007 ta
008 Pun
024 _a278,011
037 _cTextual
040 _aARTS
_cARTS
_bPun
041 _2Pun
_aPun
082 _aO153,1x247, M2
100 _aਸੂਰੀ, ਕਰਤਾਰ ਸਿੰਘ, ਥਦ.
245 0 _aਜੰਮੂ ਕFਮੀਰ ਦੀ ਪ੍ਰਤੀਨਿਧ ਪੰਜਾਬੀ ਸਾਹਿਤ
260 _c1982
650 _aਪੰਜਾਬੀ ਸਾਹਿਤ
942 _hO153,1x247, M2
_cTEXL
_2CC
999 _c383015
_d383015